LEADER 01033cam0-2200337---450- 001 990004089400403321 005 20080915133536.0 035 $a000408940 035 $aFED01000408940 035 $a(Aleph)000408940FED01 035 $a000408940 100 $a19990604d19751986km-y0itay50------ba 101 0 $aeng 102 $aGB 105 $aa-------001yy 200 1 $a<>linguistic atlas of Scotland$fedited with an introduction by J. Y. Mather and H. H. Speitel$gcartography by G. W. Leslie$geditorial assistant I. E. Mather 210 $aLondon$cCroom Helm$d1975-1986 215 $a3 v.$cill.$d28 cm 610 0 $aLingua scozzese$aAtlanti 676 $a427.9411 702 1$aLeslie,$bGeorge W. 702 1$aMather,$bJ. Y. 702 1$aMather,$bI. E. 702 1$aSpeitel,$bH. H. 801 0$aIT$bUNINA$gRICA$2UNIMARC 901 $aBK 912 $a990004089400403321 952 $a427.9411 MAT 1(1-3)$bBibl.56575-76$fFLFBC 959 $aFLFBC 996 $aLinguistic atlas of Scotland$9151422 997 $aUNINA LEADER 02341oas 2201021 a 450 001 9910143122403321 005 20260218112627.0 011 $a1178-6310 035 $a(DE-599)ZDB2659499-7 035 $a(OCoLC)531145191 035 $a(CONSER) 2015243096 035 $a(CKB)1000000000768692 035 $a(DE-599)2659499-7 035 $a(EXLCZ)991000000000768692 100 $a20090930b20082019 sy a 101 0 $aeng 135 $aur||||||||||| 181 $ctxt$2rdacontent 182 $cc$2rdamedia 183 $acr$2rdacarrier 200 00$aGenomics insights 210 1$aAuckland :$cLibertas Academica,$d2008- 210 31$aThousand Oaks, CA :$cSAGE Publications 300 $aRefereed/Peer-reviewed 517 1 $aGEI 531 10$aGenomics Insights 531 00$aGenomics Insights 606 $aGenomics$vPeriodicals 606 $aGenetic Phenomena 606 $aGenome 606 $aGenomics 606 $aGe?nomique$vPe?riodiques 606 $aGenomics$2fast$3(OCoLC)fst00940228 608 $aPeriodical. 608 $aFulltext. 608 $aInternet Resource. 608 $aPeriodical. 608 $aPeriodicals.$2fast 608 $aPeriodicals.$2lcgft 615 0$aGenomics 615 12$aGenetic Phenomena. 615 12$aGenome. 615 12$aGenomics. 615 6$aGe?nomique 615 7$aGenomics. 676 $a572.8605 712 02$aLibertas Academica, 712 02$aSage Publications, 801 0$bCASUM 801 1$bCASUM 801 2$bNZ1 801 2$bOCLCQ 801 2$bHEBIS 801 2$bCUS 801 2$bOCLCQ 801 2$bOCLCF 801 2$bOCLCO 801 2$bNLM 801 2$bOCLCQ 801 2$bOCLCO 801 2$bNLM 801 2$bWT2 801 2$bOCLCO 801 2$bOCLCQ 801 2$bOCLCA 801 2$bDLC 801 2$bOCLCO 801 2$bUKMGB 801 2$bOCLCA 801 2$bVT2 801 2$bNLM 801 2$bAU@ 801 2$bOCLCQ 801 2$bLDP 801 2$bOCLCQ 801 2$bOCLCO 801 2$bOCLCQ 801 2$bUBY 801 2$bOCLCO 801 2$bOCLCQ 801 2$bIOY 801 2$bUEJ 801 2$bOCLCL 801 2$bOCLCQ 906 $aJOURNAL 912 $a9910143122403321 996 $aGenomics insights$92018382 997 $aUNINA